Laugjhing Gas / (Record no. 201540)

MARC details
000 -LEADER
fixed length control field 00590nam a22002057a 4500
005 - DATE AND TIME OF LATEST TRANSACTION
control field 20240315155930.0
010 ## - LCCN (DPL NO)
LC control number ENG-139724
020 ## - INTERNATIONAL STANDARD BOOK NUMBER
Terms of availability 300.00
International Standard Book Number 9788190619127
035 ## - SYSTEM CONTROL NUMBER
System control number EN-123256
037 ## - SOURCE OF ACQUISITION
Source of stock number/acquisition DBAD/PUB
082 ## - DEWEY DECIMAL CLASSIFICATION NUMBER
Classification number 808.883
Edition number 1
100 ## - MAIN ENTRY--PERSONAL NAME
Personal name Jai Shetty
245 ## - TITLE STATEMENT
Title Laugjhing Gas /
Statement of responsibility, etc Jai Shetty
Medium English
250 ## - EDITION STATEMENT
Edition statement 1
260 ## - PUBLICATION, DISTRIBUTION, ETC. (IMPRINT)
Place of publication, distribution, etc Anna Nagar West
Name of publisher, distributor, etc Mind Power TM Publication
Date of publication, distribution, etc 2016
270 ## - ADDRESS
Address 359,North Main Road ,
City Chennai
Postal code 600101
300 ## - PHYSICAL DESCRIPTION
Extent 157pages
Dimensions 21cm(hbk)
700 ## - ADDED ENTRY--PERSONAL NAME
Personal name Jai Shetty
9 (RLIN) 60069
942 ## - ADDED ENTRY ELEMENTS (KOHA)
Source of classification or shelving scheme Dewey Decimal Classification
Item type English Books
Classification part 808.883
Call number suffix SHE
Edition 1

No items available.


© Delhi Public Library
Hit Counter
free hit counter